Statistics for Football Teams Reinildo Mandava Played For

Click here to take the quiz!

General Stats

  • This quiz has been taken 5 times
  • The average score is 4 of 7

Answer Stats

LeagueYearsTeam% Correct
Spain2022-Atlético de Madrid
100%
France2019-2022LOSC Lille
75%
Portugal2016-2017SL Benfica B
75%
Portugal2017AD Fafe
50%
Portugal2018-2019B-SAD
50%
Mozambique2014-2016Liga Desportiva de Maputo
50%
Portugal2017-2018SC Covilhã
25%

Score Distribution

Percentile by Number Answered

Percent of People with Each Score

Your Score History

You have not taken this quiz